Score 0/21 Timer 06:00
3 Plays Today
District Victor % Correct
12Katniss Everdeen
98.3%
12Peeta Mellark
96.7%
12Haymitch Abernathy
88.1%
4Finnick Odair
84.6%
7Johanna Mason
74.8%
4Mags
71.7%
3Beetee
71.4%
3Wiress
66.7%
4Annie Cresta
66%
2Brutus
53.9%
2Enobaria
52.8%
District Victor % Correct
1Gloss
49.4%
1Cashmere
48.4%
11Chaff
44.1%
11Seeder
39.8%
6Morphling One
32.4%
6Morphling Two
32.4%
8Woof
32%
8Cecelia
30.1%
7Blight
29.6%
2Lyme
18.7%

You're not logged in!

Compare scores with friends on all Sporcle quizzes.
OR
Log In

Sporcle TV

Today on Sporcle TV


Watch our educational content, quiz creation guides, and fun videos on Sporcle TV.

Show Comments

Extras

Top Quizzes Today


Score Distribution

Paid Content

Your Account Isn't Verified!

In order to create a playlist on Sporcle, you need to verify the email address you used during registration. Go to your Sporcle Settings to finish the process.

Report this User

Report this user for behavior that violates our Community Guidelines.

Details: